What to Tell Your Children about Sex / (Record no. 14805)
[ view plain ]
| 000 -LEADER | |
|---|---|
| fixed length control field | 00807nam a22001817a 4500 |
| 008 - FIXED-LENGTH DATA ELEMENTS--GENERAL INFORMATION | |
| fixed length control field | 101031t xxu||||| |||| 00| 0 eng d |
| 082 ## - DEWEY DECIMAL CLASSIFICATION NUMBER | |
| Classification number | 612.6007 |
| Item number | WHA |
| 110 ## - MAIN ENTRY--CORPORATE NAME | |
| 9 (RLIN) | 20780 |
| 245 ## - TITLE STATEMENT | |
| Title | What to Tell Your Children about Sex / |
| Statement of responsibility, etc | Prepared by The Child Association of America; Foreword by Milton I. Levine |
| 260 ## - PUBLICATION, DISTRIBUTION, ETC. (IMPRINT) | |
| Place of publication, distribution, etc | London : |
| Name of publisher, distributor, etc | George Allen and Unwin, [1964] |
| Date of publication, distribution, etc | [1964] |
| 300 ## - PHYSICAL DESCRIPTION | |
| Extent | x, 117 p. : |
| Other physical details | ill. ; |
| Dimensions | 21 cm. |
| 541 ## - IMMEDIATE SOURCE OF ACQUISITION NOTE | |
| Source of acquisition | Gaber Maher (Stu.) |
| 650 ## - SUBJECT ADDED ENTRY--TOPICAL TERM | |
| 9 (RLIN) | 20781 |
| Topical term or geographic name as entry element | Sex instruction |
| 700 ## - ADDED ENTRY--PERSONAL NAME | |
| 9 (RLIN) | 20782 |
| Personal name | Levine, Milton I. |
| 710 ## - ADDED ENTRY--CORPORATE NAME | |
| 9 (RLIN) | 20780 |
| Corporate name or jurisdiction name as entry element | Child Study Association of America |
| 942 ## - ADDED ENTRY ELEMENTS (KOHA) | |
| Source of classification or shelving scheme | Dewey Decimal Classification |
| Item type | |
| Withdrawn status | Item status | Source of classification or shelving scheme | Damaged status | Not for loan | Vendor | Home library | Current library | Shelving location | Date acquired | Source of acquisition | Total Checkouts | Total Renewals | Full call number | Barcode | Date last seen | Date last borrowed | Koha item type |
|---|---|---|---|---|---|---|---|---|---|---|---|---|---|---|---|---|---|
| Dewey Decimal Classification | Central Library | Central Library | First floor | 31/10/2010 | Donation | 2 | 5 | 612.6007 WHA | 000021987 | 15/07/2025 | 18/03/2012 | Book - Borrowing |